| 000 | nam a22 a 4500 | ||
|---|---|---|---|
| 999 |
_c3829 _d3829 |
||
| 005 | 20170524092444.0 | ||
| 008 | 170524b1987 xxu||||| |||| 00| 0 eng d | ||
| 020 | _a067520725804 | ||
| 040 | _aAKMAL | ||
| 082 | _a808.068 NOR | ||
| 090 |
_a808.068 _bNOR |
||
| 245 |
_aThrough the Eyes of a Child _bAn Introduction to Children's Literature / _cDonna E. Norton |
||
| 260 |
_aColumbos _bMerrill Publishing Company _c1987 |
||
| 300 |
_a691 p. _ccm |
||
| 942 |
_2ddc _cBOOK |
||